Hopf algebras, polynomial formal groups, and Raynaud orders
Saved in:
| Other Authors: | |
|---|---|
| Format: | Book |
| Language: | English |
| Published: |
Providence, Rhode island :
American Mathematical Society,
c1998
|
| Series: | Memoirs of the American Mathematical Society ;
; 651 |
| Subjects: | |
| Tags: |
Add Tag
No Tags, Be the first to tag this record!
|
MARC
| LEADER | 00000nam a2200000 i 4500 | ||
|---|---|---|---|
| 001 | 1/91263 | ||
| 008 | 991014s1998 eng d | ||
| 020 | |a 0821810774 | ||
| 035 | |l 10053508 | ||
| 040 | |a GR-MY-UA |b gre |e aacr | ||
| 041 | 0 | |a eng | |
| 082 | 0 | |a 512.2 | |
| 245 | 1 | 0 | |a Hopf algebras, polynomial formal groups, and Raynaud orders / |c Lindsay N. Childs...[et.al.]. |
| 260 | |a Providence, Rhode island : |b American Mathematical Society, |c c1998 | ||
| 300 | |a vii, 118 p.; |c 26 cm. | ||
| 490 | 1 | |a Memoirs of the American Mathematical Society |v ; 651 | |
| 500 | |a Volume 136, number 651 (end of volume) | ||
| 500 | |a Includes bibliographical references | ||
| 650 | 0 | 0 | |a Formal groups. |
| 650 | 0 | 0 | |a Polynomials. |
| 650 | 0 | 0 | |a Hopf algebras. |
| 650 | 0 | 0 | |a Group schemes (Mathematics) |
| 700 | 1 | |a Childs, Lindsay. | |
| 830 | 0 | |a Memoirs of the American Mathematical Society ; |v ; 651 | |
| 852 | |a INST |b SAMOS |e 19991014 |h 512.2 HOP |p 005300012457 |q 005300012457 |t BK |y 0 | ||
| 901 | |a BIBL3-1999-3 | ||
| 909 | |a Σ |b 063309 | ||
| 922 | |a 3ΕΛΗ |b 199907 |c ΕΠΕΑΕΚ/ΜΑΘ |d ΠΑΠΑΣΩΤΗΡΙΟΥ | ||
| 970 | |a ΓΕΝΟΥΖΟΥ |b ΧΡΥΣΑΝΘΗ |z 1999/10/14 | ||